000 00560nam a2200205 i 4500
001 bgj
100 1 _aBORICH, Gary D.
245 1 0 _aEffective teaching methods /
_cGary D. Borich.
260 _aNew York [etc.] :
_bMacmillan International Publ.,
_cc. 1988.
300 _aXII, 356 pp :
_bfig. ;
_c24 cm.
504 _aBibliography.
505 _aIndexes.
650 9 _aTeaching, Methods of
020 _a0675209625 (pbk)
040 _cBPK
041 0 _aeng
920 _a0-675-20962-5 (pbk)
942 _cKS
008 s uk f |000 0 eng
999 _c41371
_d41371
856 _uhttp://koha.tu.koszalin.pl/cgi-bin/koha/opac-detail.pl?biblionumber=41371
_yKatalog online BPK